The Registration Act (Record no. 16972)

000 -LEADER
fixed length control field 00233nam a22000977a 4500
008 - FIXED-LENGTH DATA ELEMENTS--GENERAL INFORMATION
fixed length control field 140211t xxu||||| |||| 00| 0 eng d
100 ## - MAIN ENTRY--PERSONAL NAME
Personal name Shaukat Mahmood
9 (RLIN) 714
245 ## - TITLE STATEMENT
Title The Registration Act
300 ## - PHYSICAL DESCRIPTION
Extent viii, 359 p. ;
942 ## - ADDED ENTRY ELEMENTS (KOHA)
Source of classification or shelving scheme
Koha item type Book
Holdings
Withdrawn status Lost status Source of classification or shelving scheme Damaged status Not for loan Permanent Location Current Location Date acquired Total Checkouts Full call number Barcode Date last seen Price effective from Koha item type
          Atta-ur-Rahman School of Applied Biosciences (ASAB) Atta-ur-Rahman School of Applied Biosciences (ASAB) 02/11/2014   346.4 MAH ASAB352 02/11/2014 02/11/2014 Book
          Atta-ur-Rahman School of Applied Biosciences (ASAB) Atta-ur-Rahman School of Applied Biosciences (ASAB) 02/11/2014   346.4 MAH ASAB351 01/28/2016 02/11/2014 Book
© 2023 Central Library, National University of Sciences and Technology. All Rights Reserved.